000 00852nam a2200313 b 4500
001 0018844
003 DO-SdBNP
005 20180223100509.0
007 0018844
008 031002s2003 sp c ||| ||spa
016 7 _a
_2BPMSU
017 _a
_b
020 _a978933826X
035 _a
040 _aBPMSU
_bspa
_cBPMSU
_e
041 1 _aspa
_h
080 0 _a
100 1 _aTrevor Greive, Bradley
240 1 0 _aDear mom
_lespañol
245 1 0 _aQuerida mamá gracias por todo /
_h
_c Bradley Trevor Greive ; traducción Lidia María Riba
250 _a 2a. ed.
260 _aVerlap, Buenos Aires :
_bVergara & Riba,
_c2003.
300 _a79 p.:
_bretr.
_c18 cm
700 _aRibas, María
_etr.
830 0 _a
_v
942 _2ddc
_cBK
945 _aInventariado, 2018/ YL
956 _aVMATEO
_b10
_c20160524
_dBPMSU
_f0069
999 _c10213
_d10213